The 50th Law of Power (Record no. 443)

MARC details
000 -LEADER
fixed length control field 00397 a2200169 4500
001 - CONTROL NUMBER
control field 066385
003 - CONTROL NUMBER IDENTIFIER
control field OSt
005 - DATE AND TIME OF LATEST TRANSACTION
control field 20210927145402.0
008 - FIXED-LENGTH DATA ELEMENTS--GENERAL INFORMATION
fixed length control field
082 ## - DEWEY DECIMAL CLASSIFICATION NUMBER
Classification number 303.3
Item number G83F
100 1# - MAIN ENTRY--PERSONAL NAME
Personal name Greene, Robert
245 1# - TITLE STATEMENT
Title The 50th Law of Power
Statement of responsibility, etc by Robert Greene
260 ## - PUBLICATION, DISTRIBUTION, ETC. (IMPRINT)
Place of publication, distribution, etc New Delhi
Name of publisher, distributor, etc Viva Books
Date of publication, distribution, etc 2010
300 ## - PHYSICAL DESCRIPTION
Extent 291p.
690 ## - LOCAL SUBJECT ADDED ENTRY--TOPICAL TERM (OCLC, RLIN)
Topical term or geographic name as entry element English
942 ## - ADDED ENTRY ELEMENTS (KOHA)
Source of classification or shelving scheme Dewey Decimal Classification
Koha item type Books
Holdings
Withdrawn status Lost status Source of classification or shelving scheme Damaged status Not for loan Collection code Home library Current library Date acquired Source of acquisition Cost, normal purchase price Total Checkouts Full call number Barcode Date last seen Date checked out Price effective from Koha item type
    Dewey Decimal Classification     General Text Book Central University Of Rajasthan Central University Of Rajasthan 07/03/2012 ENG 395.00 11 303.3 G83F 671 21/11/2024 21/02/2024 02/09/2020 Books